|
|
|
|
| LEADER |
00000cam a2200000 i 4500 |
| 001 |
vtls009642755 |
| 003 |
SK-MaSNL |
| 005 |
20260302010244.0 |
| 008 |
090724s1996 xo frl 000 0 slo |
| 015 |
|
|
|a SNBA1996
|
| 020 |
|
|
|q (brožované)
|
| 040 |
|
|
|a SNK
|b slo
|c SNK
|e AACR2
|
| 041 |
0 |
|
|a slo
|
| 044 |
|
|
|a xo
|c SK
|
| 072 |
|
7 |
|a 614.84
|x Požiare. Ochrana pred požiarmi
|2 konspekt
|
| 080 |
|
|
|a 614.84
|2 2011
|
| 080 |
|
|
|a 34
|2 2001
|
| 245 |
0 |
0 |
|a Vyhláška k zákonu o požiarnej ochrane (úplné znenie s komentárom)
|n 1
|c zostavil a poznámkami doplnil Jaroslav Miko
|
| 260 |
|
|
|a Bratislava
|b Finest
|c [1996]
|
| 300 |
|
|
|a 47 strán
|c 30 cm
|
| 650 |
0 |
7 |
|a požiarna ochrana
|2 SNKPH
|9 1501
|
| 650 |
0 |
7 |
|a právne predpisy
|2 SNKPH
|9 1155
|
| 655 |
|
7 |
|a vyhlášky
|2 SNKPH
|9 70671
|
| 700 |
1 |
|
|a Miko, Jaroslav
|4 com
|9 9141
|
| 852 |
|
|
|a Slovenská národná knižnica
|
| 954 |
|
|
|a odborná, vedecká literatúra pôvodná (slovenská)
|2 lita
|
| 999 |
|
|
|c 1002513
|d 1004443
|
| 952 |
|
|
|a SNK
|b SNK
|y PREZ
|7 0
|p 17A1536307
|o snkSB 76004/1
|i snk2024/13409
|8 7
|0 0
|1 0
|4 0
|d 2024-08-22
|l 0
|r 2026-02-24 12:25:13
|w 2026-02-24
|